000 00489nam a22002057a 4500
003 koha_MIRAKIL
005 20231213100133.0
008 231213b |||||||| |||| 00| 0 ||| d
020 _b978-9-94469446-9
040 _aTR-IsEVY
_btur
_cTR-IsEVY
082 _a813.42 SER/Y
100 _aSertbarut, Miyase.
245 0 _aYılankale
250 _a6. bs.
260 _bTudem,
_c2015
300 _a127 s.
650 _aTürk romanı.
650 _aTurkish fiction.
942 _2ddc
_cBK
999 _c15110
_d15110